000 00898nam a2200253Ia 4500
003 OSt
005 20221005112953.0
006 a|||||r|||| 00| 0
007 ta
008 221004b |||||||| |||| 00| 0 pan d
020 _a9788171165070 (hbk)
024 _a15257
037 _bGift, 20/01/2015,
_cTextual
040 _aCRL
_cCRL
_bpan
041 _2pan
_apan
082 _aV2:51y7N07, 153P9
100 _aਇਨਕਲਾਬੀ, ਕੀਰਤ ਸਿੰਘ, ਥਦ.
245 0 _aFਹੀਦ ਏ ਆਗ਼ਮ
_b ਭਗਤ ਸਿੰਘ ਚਿੰਤਨ
260 _aਦਿੱਲੀ
_bਨੈFਨਲ ਬੁਕ Fਾਪ ਭਾਰਤ
_c2009
300 _a260ਪੰ
_ccm.
650 _aਪੰਜਾਬੀ ਸਾਹਿਤ
942 _hV2:51y7N07, 153P9
_cTEXL
_2cc
999 _c1026613
_d1026613